| 000 | 00616cam a22002053a 4500 | ||
|---|---|---|---|
| 001 | 41212 | ||
| 003 | PGUSA | ||
| 005 | 20140828083928.0 | ||
| 008 | 121101s2012||||xxu|||||s|||||000 | eng d | ||
| 040 |
_aPGUSA _beng |
||
| 042 | _adc | ||
| 100 | 1 | _aHartstonge, Matthew Weld | |
| 245 | 1 | 4 |
_aThe Eve of All-Hallows, v. 1 of 3 : _bAdelaide of Tyrconnel _h[electronic resource] / _cMatthew Weld Hartstonge |
| 260 |
_bProject Gutenberg, _c2012 |
||
| 506 | _aPublic domain in the USA. | ||
| 516 | _aElectronic text | ||
| 830 | 0 |
_aProject Gutenberg _v41212 |
|
| 856 | 4 | 0 | _uhttp://www.gutenberg.org/ebooks/41212 |
| 942 | _cEB | ||
| 999 |
_c270464 _d270464 |
||